LEADER 01447nam a2200265 4500 001 000000331807 003 CaOOAMICUS 005 20181221102501.0 008 181219s2000 fr 000 u fre r 020 $a2-04-729341-3 040 $aSeMil$bita 245 10$aQuinze pédagogues :$bleur influence aujourd'hui : Rousseau, Pestalozzi, Fröbel, Robin, Ferrer, Steiner, Dewey, Decroly, Montessori, Makarenko, Ferrière, Cousinet, Freinet, Neill, Rogers /$csous la direction de Jean Houssaye. 264 1$aParis :$bBordas,$c2000. 300 $a254 p. ;$c21 cm 490 1 $aFormation des enseignants. Enseigner 650 4$aPedagogia - Storia.$0(OLS)http://semarc/subject/474 650 4$aPedagogia - Enciclopedie e dizionari.$0(OLS)http://semarc/subject/968 700 1 $aHoussaye, Jean <1947- >.$0(OLS)http://semarc/name/92769 830 0$aFormation des enseignants. Enseigner.$0(OLS)http://semarc/title/420486 850 $aSeMil 852 $aSeMil$W1$xVenegono$y1$m2Q VII 255$j210177$B224224$CSeMilBibl$Z2$F224224 $81 996 $6020$a2-04-729341-3$9(OLS)http://semarc/number/285996 996 $6245$aQuinze pédagogues :$bleur influence aujourd'hui : Rousseau, Pestalozzi, Fröbel, Robin, Ferrer, Steiner, Dewey, Decroly, Montessori, Makarenko, Ferrière, Cousinet, Freinet, Neill, Rogers$9(OLS)http://semarc/title/420531 996 $6264$aParis :$bBordas$9(OLS)http://semarc/publisher/32303 LEADER 01068nam a2200241 i 4500 001 000000059641 003 CaOOAMICUS 005 20140205000000.0 008 140205s1957 xx u000 u fre u 013 $a30813 040 $aSeMil$bita 100 1 $aAuzou, Georges.$0(OLS)http://semarc/name/30400 245 13$aLa tradition biblique :$bhistoire des écrits sacrés du peuple de Dieu /$cpar Georges Auzou. 260 $aParis :$bÉditions de l'Orante,$ccopyr. 1957. 300 $a462 p. ;$c19 cm. 490 0 $aConnaissance de la Bible 650 4$aBibbia - Commentari, studi, critica, interpretazioni.$0(OLS)http://semarc/subject/783 830 0$aConnaissance de la Bible.$0(OLS)http://semarc/title/30829 850 $aSeMil 852 $aSeMil$W1$xVenegono$y1$m2W V 129$j25794$B25794$CSeMilBibl$Z2$F25797 $81 961 $aOmaggio: Oggioni don Costantino 996 $6245$aLa tradition biblique :$bhistoire des écrits sacrés du peuple de Dieu$9(OLS)http://semarc/title/93211 996 $6260$aParis :$bÉditions de l'Orante$9(OLS)http://semarc/publisher/35486